000 01400cam a2200337 i 4500
999 _c3452
_d3452
001 410608
003 OSt
005 20240120153529.0
008 221103t20222020nyua c 000 f eng d
020 _a9780062991324
_q(pbk.) :
040 _a臺東縣政府文化處
_beng
_c臺東縣政府文化處
_eAACR2
_dKH8
042 _anbic
082 0 _a813.54 APP
100 1 _aApplegate, Katherine,
_eaut.
245 1 4 _aThe one and only Bob /
_cKatherine Applegate ; with Patricia Castelao.
246 3 _aOnly & only Bob.
250 _a1st trade pbk. ed.
260 _aNew York :
_bHarper, an imprint of HarperCollins Publishers,
_c2022, c2020.
300 _a340, 10 p. :
_bill. ;
_c20 cm.
500 _aSequel to The One and Only Ivan.
520 _aBob sets out on a dangerous journey in search of his long- lost sister with the help of his two best friends, Ivan and Ruby. As a hurricane approaches and time is running out, Bob finds courage he never knew he had and learns the true meaning of friendship and family.
521 _aAges 8-12.
650 0 _aDogs
_vJuvenile fiction.
650 0 _aGorilla
_vJuvenile fiction.
650 0 _aElephants
_vJuvenile fiction.
650 0 _aFamilies
_vJuvenile fiction.
650 0 _aFriendship
_vJuvenile fiction.
700 1 _aCastelao, Patricia,
_eill.
700 1 _aApplegate, Katherine.
_tOne and only Ivan.
_iSequel to (work):
942 _2ddc
_cFIC